000 00696nam a22002177a 4500
003 UA-OsUOA
001 66802
007 ta
008 20100128b un ||||| |||| 00| 0 ukr d
100 _aФоміних М.
090 _a330(477)
_bФ76
942 _cSA
040 _aUA-OsUOA
_bukr
_cUA-OsUOA
_dUA-OsUOA
245 _aОцінка впливу макроекономічних факторів на обсяг банківських депозитів домогосподарств України
300 _aС.52-56
955 _a0
041 _aukr
080 _a330(477)
773 0 _w66798
_tЕкономіст
_dК.
_d2009
_g12
650 7 _a330 Економіка взагалі
_2UDC
999 _c352889
_d352889